| 000 | 00000nas 2200000za 4500 |
| 001 | 9.854182 |
| 003 | CaOODSP |
| 005 | 20221107155015 |
| 007 | cr ||||||||||| |
| 008 | 180322d19531953oncmr p oss f0###b0fre|d |
| 022 | |y0829-6553 |
| 040 | |aCaOODSP|bfre |
| 041 | |aeng|afre |
| 043 | |an-cn--- |
| 086 | 1 |aCS84-001-PDF |
| 245 | 00|aMonthly report of vital statistics |h[ressource électronique] / |cprepared in the Vital Statistics Section of the Health and Welfare Division = Rapport mensuel de la statistique vitale / préparé à la Section de la statistique vitale de la Division de la santé et du bien-être. |
| 246 | 11|aRapport mensuel de la statistique vitale |
| 260 | |a[Ottawa] : |bDominion Bureau of Statistics = Bureau fédéral de la statistique, |c[1953] |
| 310 | |aMensuel |
| 362 | 0 |aFév. 1953-déc. 1953. |
| 500 | |aÉdition numérisée de l’imprimé [par Statistique Canada]. |
| 515 | |aLe livr. de janvier 1953 n'est pas été publié. |
| 546 | |aTexte en anglais et en français. |
| 692 | 07|2gccst|aNaissance |
| 692 | 07|2gccst|aMariage |
| 692 | 07|2gccst|aMort |
| 710 | 1 |aCanada. |bBureau fédéral de la statistique.|bSection de l'état civil. |
| 780 | 00|tBirths, marriages and deaths in Canada |w(CaOODSP)9.854175 |
| 785 | 00|tVital statistics |w(CaOODSP)9.854185 |
| 791 | |tMonthly report of vital statistics |eeng|w(CaOODSP)9.854178 |